000 00459nam a2200181Ia 4500
001 21155
005 20260306172858.0
008 260306t2019||||xx |||||||||||||| ||spa||
041 _aESP
082 _a344C4
_bS18 T. 2
100 _aSalazar Sánchez, Nelson
_eAUT
245 0 _aComentarios al código penal peruano:
_bparte general
260 _c2019
300 _a894 páginas :
_c25 cm.
650 _aGEN
654 _aCDE
942 _cLIB
_dJUS
_fJUS
_2ddc
_n
999 _c21155
_d21155